| 000 | 00507nam a22001937a 4500 | ||
|---|---|---|---|
| 003 | OSt | ||
| 005 | 20160309151928.0 | ||
| 008 | 160309b xxu||||| |||| 00| 0 eng d | ||
| 020 | _a9781118155783 | ||
| 040 | _cDDC | ||
| 082 | _a004 JOR 2012 | ||
| 100 |
_aJordan, John M. _97205 |
||
| 245 | _aInformation, Technology and innovation | ||
| 260 | _aNew Jersey; John Wiley, 2012 | ||
| 300 | _axix,396p; ill: 24cm | ||
| 504 | _aIndex included | ||
| 650 |
_aInformation Technology _95622 |
||
| 942 |
_2z _cO_SHELF |
||
| 999 |
_c3215 _d3215 |
||